000 00746nam a2200217 i 4500
001 182022
003 ES-MaACL
005 20250709063238.0
008 130524q18501890fr a | |||||||| ||fre d
100 1 _aSouvestre, Émile,
_d1806-1854
_9107604
245 1 4 _a[Les réprouvés et les élus /
_cpar Émile Souvestre].
260 _a[S.l. :
_bs.n.,
_cs.a.] (
_ePoissy :
_fTyp. Arbieu)
300 _a183 p. :
_bil. ;
_c30 cm.
594 _aTit. y autor tomados de la pag.1.
596 _aEl pie de imp. consta en colofón.
596 _aImpreso en el siglo XIX.
597 _aTexto a dos col.
599 _aLa il. en pag.1.
852 _aES-MaACL
_jR-1711(16)
_q.- Ejempl. sin portada en un vol. facticio
999 _c182022
_d182022